000 00415nam a2200157 i 4500
001 101353
003 ES-MaACL
005 20230906182900.0
007 t|
008 051018s1924 fr ||||1| fre d
100 1 _aMaybon, Albert.
_979336
245 1 3 _aLe Japon d'aujourd'hui... /
_cAlbert Maybon.
260 _aParis :
_bFlammarion,
_c1924.
300 _a283 p. ;
_c19 cm.
852 _aES-MaACL
_jF-579
_bR.4531
999 _c101353
_d101353